000
00291nam a22001337a 4500
008
210303b ||||| |||| 00| 0 eng d
020
_a
9780538742917
041
_a
eng
080
_a
621
100
_a
26
101
_a
MEK
245
_a
Microsoft Excel 2010
_c
Parsons,J.J
942
_2
udc
_c
BK
999
_c
55599
_d
55599